Leonardo da Vinci: his life and his pictures

Gorde:
Xehetasun bibliografikoak
Egile nagusia: Douglas, R. Langton (Egilea)
Formatua: Liburua
Hizkuntza:ingelesa
Argitaratua: Chicago The University of Chicago Press 1944
Gaiak:
Etiketak: Etiketa erantsi
Etiketarik gabe, Izan zaitez lehena erregistro honi etiketa jartzen!

MARC

LEADER 00000nam a2200000 a 4500
001 UCU3403
003 CL-VaPUC
005 20250205145436.0
008 960510e19440000US |||||||||||||||||eng|d
999 |c 247422  |d 247420 
040 |c Pontificia Universidad Católica de Valparaíso 
082 0 4 |a 759.5  |b DOU  |2 21 
100 0 |a Douglas, R. Langton  |e author  |9 360329 
245 1 0 |a Leonardo da Vinci: his life and his pictures 
260 |a Chicago  |b The University of Chicago Press  |c 1944 
300 |a 127 p 
583 |a last modification  |c 19960510 00:00:00  |k Rodrigo Vera 
600 0 |a Da Vinci, Leonardo  |d 1452-1519  |9 561227 
650 0 |a Pintores italianos  |9 265277 
650 0 |a Pintura italiana  |9 265293 
650 0 |a Obras de arte  |9 337253 
650 0 |a Pintura  |9 265046 
650 0 |a Artistas   |9 262026 
650 0 |a Bellas artes  |9 334299 
650 0 |a Colecciones artísticas   |9 348038 
942 |c BK  |2 ddc 
945 |d 19960510 00:00:00  |a rleighto 
952 |0 0  |1 0  |4 0  |6 759_500000000000000_DOU_1944  |7 0  |8 A  |9 263319  |a BIBART  |b BIBART  |d 2019-11-19  |i 313962K  |l 1  |o 759.5 DOU 1944  |p 313962K  |r 2025-03-13  |s 2022-11-08  |w 2019-11-19  |y BK  |k ART